Track and field sports
| Main Author: | |
|---|---|
| Format: | Book |
| Published: |
Oxford :
Heinemann ,
1991
|
| Series: | My world
|
| Subjects: |
MARC
| LEADER | 00000cam a2200000 7i4500 | ||
|---|---|---|---|
| 001 | 0000002575 | ||
| 002 | 000002802 | ||
| 005 | 20060206.0 | ||
| 020 | |a 0431003300 | ||
| 090 | 0 | 0 | |a 030 |b WOR |
| 100 | 1 | |a Bailey, Donna | |
| 245 | 1 | 0 | |a Track and field sports |c Donna Bailey |
| 260 | |a Oxford : |b Heinemann , |c 1991 | ||
| 300 | |a 32p. : |b ill. ; |c 21cm. | ||
| 490 | 0 | |a My world | |
| 650 | 0 | 0 | |a Athletics |x Juvenile literature |
| 999 | |a 036276 |b BUKU |c JUNIOR BOOKS |e PERPUSTAKAAN KOMUNITI CAW KOTA DAMANSARA | ||